Normal view
MARC view
- Souza de P., María L.
Entry Nombre Personal
001 - NUMERO DE CONTROL
- campo de control: 43876
003 - IDENTIFICADOR DE NUMERO DE CONTROL
- campo de control: MX-MxUPN
005 - FECHA Y HORA DE LA ÜLTIMA TRANSACCIÓN
- campo de control: 20220304084109.0
008 - DATOS DE LONGITUD FIJA
- campo de control de longitud fija: 220304|| aca||aabn | a|a d
040 ## - FUENTE DE CATALOGACIÓN
- Agencia original de catalogación: MX-MxUPN
- Lenguaje de catalogación: spa
- Agencia de transcripción: MX-MxUPN
100 1# - ENCABEZAMIENTO - NOMBRE PERSONAL
- Nombre personal: Souza de P., María L.
670 ## - FUENTE EN LA QUE SE LOCALIZARON DATOS
- Cita de la fuente: Para el maestro : desarrollo mensual del programa oficial para la enseñanza de cuarto año (segundo grado del segundo ciclo), 1952:
- Información localizada: portada (María L. Souza de P.)
902 ## - CATALOGADOR
- Catalogador: VRC/040322
